| 000 | 00581nam a2200169 i 4500 | ||
|---|---|---|---|
| 001 | 43331 | ||
| 003 | ES-MaACL | ||
| 005 | 20230906160756.0 | ||
| 007 | t| | ||
| 008 | 030317s1874 sp ||||1| spa d | ||
| 110 | 2 |
_aAteneu Barcelonès. _92060 |
|
| 245 | 1 | 0 | _aCatálogo de la biblioteca del Ateneo barcelonés. |
| 260 |
_aBarcelona : _b[s.n.], _c1874 ( _fEst. tip. de Narciso Ramírez) |
||
| 300 |
_a137 p. ; _c25 cm. |
||
| 852 |
_aES-MaACL _jT-669-F-4 _z.- Anot. manuscrita: donat. de Gustavo Saenz Diez a la biblioteca de "Los Escolares Médicos" |
||
| 852 |
_aES-MaACL _jT-182-F-8 |
||
| 999 |
_c43331 _d43331 |
||